La enseñanza y el aprendizaje de la creatividad en el jardin de infantes: pensamiento divergente, integración cultural y escuela creativa
Guardat en:
| Autor principal: | |
|---|---|
| Format: | Llibre |
| Idioma: | espanyol |
| Publicat: |
Rosario
HomoSapiens
2007
|
| Edició: | 1a. ed |
| Col·lecció: | Educación Inicial
|
| Matèries: | |
| Etiquetes: |
Afegir etiqueta
Sense etiquetes, Sigues el primer a etiquetar aquest registre!
|
MARC
| LEADER | 00000cam a2200000 a 4500 | ||
|---|---|---|---|
| 001 | UCD3395 | ||
| 003 | CL-VaPUC | ||
| 008 | 160603e20070500ag |||||||||||||||||spa|d | ||
| 020 | |a 9789508085139 | ||
| 082 | 0 | 4 | |a 372.21 |b BUR |2 21 |
| 100 | 0 | |a Burgos, Noemí E |e author |9 586843 | |
| 245 | 1 | 3 | |a La enseñanza y el aprendizaje de la creatividad en el jardin de infantes: pensamiento divergente, integración cultural y escuela creativa |
| 250 | |a 1a. ed | ||
| 300 | |a 125 p | ||
| 942 | |c BK | ||
| 945 | |d 20160603 11:43:00 |a arojas | ||
| 260 | |a Rosario |b HomoSapiens |c 2007 | ||
| 650 | 7 | |a JARDIN INFANTIL |2 CL-VaPUC |9 308724 | |
| 650 | 0 | |a Enseñanza |9 256457 | |
| 650 | 0 | |a Creatividad |9 310816 | |
| 650 | 0 | |a Niños |9 255605 | |
| 650 | 0 | |a Pensamiento creativo |9 310706 | |
| 583 | |a last modification |c 20160614 09:40:16 |k Rodrigo Vera | ||
| 490 | 0 | |a Educación Inicial | |
| 999 | |c 364431 |d 364429 | ||
| 952 | |0 0 |1 0 |3 erb |4 0 |6 372_210000000000000_BUR_2007 |7 0 |8 A |9 477610 |a BIBEDU |b BIBEDU |c ES_NOD |i 5289009 |o 372.21 BUR 2007 |p 5289009 |r 2023-08-09 |w 2019-11-24 |y BK |z Catalogado en:20160603 |k EDI | ||